| 000 | 01287nam0a22002891 4500 | ||
|---|---|---|---|
| 001 | rc\3004541 | ||
| 005 | 20250806200756.0 | ||
| 035 | _a(NLR Aleph) 007147495 | ||
| 090 |
_a2806 _c2806 |
||
| 100 | _a20110921d1945 u y0rusy50 ca | ||
| 101 | 0 | _arus | |
| 102 | _aRU | ||
| 105 | _ay z ||||| | ||
| 200 | 1 | _aПостановление Правительства о заочной аспирантуре | |
| 210 |
_aМосква _cБ. и. _d[1945] _gтип. ГИИ |
||
| 215 |
_a5 с. _d21 см |
||
| 300 | _aБез обл. и тит. л. | ||
| 327 | 1 | _aСодерж.: Положение о заочной аспирантуре, утвержденное СНК СССР 16-го сент. 1939 г. и постановление об утверждении | |
| 464 | 0 | _12001#$aПоложение о заочной аспирантуре, утвержденное СНК СССР 16-го сент. 1939 г. и постановление об утверждении | |
| 710 | 0 | 1 |
_aСССР _bСовет Народных Комиссаров _3RU\NLR\AUTH\8810020782 |
| 801 | 0 |
_aRU _bNLR _gpsbo |
|
| 801 | 1 |
_aRU _bELAR _2rusmarc |
|
| 852 |
_aNLR _jПр90 Г-4/12 |
||
| 942 | _cBOOK | ||
| 945 | _aРоссийская национальная библиотека | ||
| 980 | _aNB | ||
| 980 | _aBV | ||